000 00449pab a2200169 454500
008 180718b2007 xxu||||| |||| 00| 0 eng d
100 _aSaha, Nilay Kumar
245 _aForecast audit of post NAAC activities in Indian higher education system
260 _c2007
300 _ap.114-18.
362 _aFeb
650 _aHigher education - India
650 _aHigher education
773 _aManagement Accountant
908 _aN
909 _a73371
999 _c73371
_d73371